|
|
|
|
| LEADER |
00987cam a22003011a 4500 |
| 001 |
000033131 |
| 003 |
9266 |
| 005 |
20240911072558.0 |
| 008 |
151016s2009 000 vie |
| 020 |
|
|
|c 30000
|
| 040 |
|
|
|a LNN
|
| 041 |
|
|
|a vie
|
| 082 |
|
|
|a 495.92291
|b ĐÔ-C
|
| 100 |
|
|
|a Đỗ Hữu Châu
|
| 245 |
|
0 |
|a Từ vựng ngữ nghĩa tiếng Việt /
|c Đỗ Hữu Châu.
|
| 260 |
|
|
|b ĐHQGHN
|a HN,
|c 2009.
|
| 300 |
|
|
|a 306tr. : ;
|c 20cm.
|
| 650 |
|
|
|a Từ vựng ngữ nghĩa tiếng Việt
|
| 653 |
|
|
|a Từ vựng
|a tiếng Việt
|
| OWN |
|
|
|a LNN
|
| 902 |
|
|
|a Tham khảo TV
|
| AVA |
|
|
|a UDN50
|b LNN
|d 495.92291 ĐÔ-C
|e available
|t Error 5001 Not defined in file expand_doc_bib_avail.
|f 4
|g 0
|h N
|i 0
|
| 999 |
|
|
|a From the UDN01
|
| AVA |
|
|
|a UDN50
|b LNN
|d 495.92291 ĐÔ-C
|e available
|t Error 5001 Not defined in file expand_doc_bib_avail.
|f 4
|g 0
|h N
|i 0
|
| TYP |
|
|
|a Monograph
|
| 980 |
|
|
|a Mạng thư viện Đại học Đà Nẵng
|